<?xml version="1.0" encoding="UTF-8"?>
<collection xmlns="http://www.loc.gov/MARC21/slim">
 <record>
  <leader>03837cam a2200565   4500</leader>
  <controlfield tag="001">1609192214</controlfield>
  <controlfield tag="003">DE-627</controlfield>
  <controlfield tag="005">20230624175449.0</controlfield>
  <controlfield tag="007">tu</controlfield>
  <controlfield tag="008">850101s1974    gw |||||      00| ||lat c</controlfield>
  <datafield tag="020" ind1=" " ind2=" ">
   <subfield code="a">3412105740</subfield>
   <subfield code="9">3-412-10574-0</subfield>
  </datafield>
  <datafield tag="035" ind1=" " ind2=" ">
   <subfield code="a">(DE-627)1609192214</subfield>
  </datafield>
  <datafield tag="035" ind1=" " ind2=" ">
   <subfield code="a">(DE-576)007200463</subfield>
  </datafield>
  <datafield tag="035" ind1=" " ind2=" ">
   <subfield code="a">(DE-599)BSZ007200463</subfield>
  </datafield>
  <datafield tag="035" ind1=" " ind2=" ">
   <subfield code="a">(OCoLC)185520789</subfield>
  </datafield>
  <datafield tag="035" ind1=" " ind2=" ">
   <subfield code="a">(OCoLC)845354927</subfield>
  </datafield>
  <datafield tag="040" ind1=" " ind2=" ">
   <subfield code="a">DE-627</subfield>
   <subfield code="b">ger</subfield>
   <subfield code="c">DE-627</subfield>
   <subfield code="e">rakwb</subfield>
  </datafield>
  <datafield tag="041" ind1=" " ind2=" ">
   <subfield code="a">lat</subfield>
   <subfield code="a">ger</subfield>
  </datafield>
  <datafield tag="044" ind1=" " ind2=" ">
   <subfield code="c">XA-DE-NW</subfield>
  </datafield>
  <datafield tag="084" ind1=" " ind2=" ">
   <subfield code="a">1</subfield>
   <subfield code="2">ssgn</subfield>
  </datafield>
  <datafield tag="084" ind1=" " ind2=" ">
   <subfield code="a">NM 1400</subfield>
   <subfield code="2">rvk</subfield>
   <subfield code="0">(DE-625)rvk/126291:</subfield>
  </datafield>
  <datafield tag="084" ind1=" " ind2=" ">
   <subfield code="a">NM 7260</subfield>
   <subfield code="2">rvk</subfield>
   <subfield code="0">(DE-625)rvk/126406:</subfield>
  </datafield>
  <datafield tag="084" ind1=" " ind2=" ">
   <subfield code="a">BD 1420</subfield>
   <subfield code="2">rvk</subfield>
   <subfield code="0">(DE-625)rvk/9837:</subfield>
  </datafield>
  <datafield tag="084" ind1=" " ind2=" ">
   <subfield code="a">NM 7230</subfield>
   <subfield code="2">rvk</subfield>
   <subfield code="0">(DE-625)rvk/126403:</subfield>
  </datafield>
  <datafield tag="084" ind1=" " ind2=" ">
   <subfield code="a">BM 4900</subfield>
   <subfield code="2">rvk</subfield>
   <subfield code="0">(DE-625)rvk/12666:</subfield>
  </datafield>
  <datafield tag="084" ind1=" " ind2=" ">
   <subfield code="a">15.33</subfield>
   <subfield code="2">bkl</subfield>
  </datafield>
  <datafield tag="100" ind1="0" ind2=" ">
   <subfield code="a">Rudolfus</subfield>
   <subfield code="c">de Schlettstadt</subfield>
   <subfield code="0">(DE-588)108398072</subfield>
   <subfield code="0">(DE-627)077133269</subfield>
   <subfield code="0">(DE-576)162810830</subfield>
   <subfield code="4">aut</subfield>
  </datafield>
  <datafield tag="245" ind1="1" ind2="0">
   <subfield code="a">Historiae memorabiles</subfield>
   <subfield code="b">zur Dominikanerliteratur und Kulturgeschichte des 13. Jahrhunderts</subfield>
   <subfield code="c">Rudolf von Schlettstadt. Hrsg. von Erich Kleinschmidt</subfield>
  </datafield>
  <datafield tag="264" ind1=" " ind2="1">
   <subfield code="a">Köln [u.a.]</subfield>
   <subfield code="b">Boehlau</subfield>
   <subfield code="c">1974</subfield>
  </datafield>
  <datafield tag="300" ind1=" " ind2=" ">
   <subfield code="a">VI, 127 S.</subfield>
   <subfield code="b">Ill.</subfield>
  </datafield>
  <datafield tag="336" ind1=" " ind2=" ">
   <subfield code="a">Text</subfield>
   <subfield code="b">txt</subfield>
   <subfield code="2">rdacontent</subfield>
  </datafield>
  <datafield tag="337" ind1=" " ind2=" ">
   <subfield code="a">ohne Hilfsmittel zu benutzen</subfield>
   <subfield code="b">n</subfield>
   <subfield code="2">rdamedia</subfield>
  </datafield>
  <datafield tag="338" ind1=" " ind2=" ">
   <subfield code="a">Band</subfield>
   <subfield code="b">nc</subfield>
   <subfield code="2">rdacarrier</subfield>
  </datafield>
  <datafield tag="490" ind1="1" ind2=" ">
   <subfield code="a">Beihefte zum Archiv für Kulturgeschichte</subfield>
   <subfield code="v">10</subfield>
  </datafield>
  <datafield tag="500" ind1=" " ind2=" ">
   <subfield code="a">Einl. dt., Text lat</subfield>
  </datafield>
  <datafield tag="583" ind1="1" ind2=" ">
   <subfield code="a">Archivierung/Langzeitarchivierung gewährleistet</subfield>
   <subfield code="f">SSG</subfield>
   <subfield code="2">pdager</subfield>
   <subfield code="5">DE-21</subfield>
  </datafield>
  <datafield tag="700" ind1="1" ind2=" ">
   <subfield code="a">Kleinschmidt, Erich</subfield>
   <subfield code="d">1946-2021</subfield>
   <subfield code="e">Hrsg.</subfield>
   <subfield code="0">(DE-588)121359409</subfield>
   <subfield code="0">(DE-627)081255772</subfield>
   <subfield code="0">(DE-576)161733867</subfield>
   <subfield code="4">edt</subfield>
  </datafield>
  <datafield tag="787" ind1="0" ind2="8">
   <subfield code="i">Rezensiert in</subfield>
   <subfield code="a">Rapp, Francis, 1926 - 2020</subfield>
   <subfield code="t">[Rezension von: Rudolf von Schlettstadt, Historiae memorabiles : zur Dominikanerliteratur und Kulturgeschichte des 13. Jahrhunderts]</subfield>
   <subfield code="d">München : Artemis Verlag, 1977</subfield>
   <subfield code="w">(DE-627)1577959337</subfield>
   <subfield code="w">(DE-576)507959337</subfield>
  </datafield>
  <datafield tag="787" ind1="0" ind2="8">
   <subfield code="i">Rezensiert in</subfield>
   <subfield code="a">Hinnebusch, William A.</subfield>
   <subfield code="t">[Rezension von: Schlettstadt, Rudolf von, Historiae memorabiles. Zur Dominikanerliteratur und Kulturgeschichte des 13. Jahrhunderts]</subfield>
   <subfield code="d">1978</subfield>
   <subfield code="w">(DE-627)1784323691</subfield>
  </datafield>
  <datafield tag="830" ind1=" " ind2="0">
   <subfield code="a">Archiv für Kulturgeschichte</subfield>
   <subfield code="p">Beihefte zum Archiv für Kulturgeschichte</subfield>
   <subfield code="v">10</subfield>
   <subfield code="9">10</subfield>
   <subfield code="w">(DE-627)130099716</subfield>
   <subfield code="w">(DE-576)015632326</subfield>
   <subfield code="w">(DE-600)501770-1</subfield>
   <subfield code="x">0570-6742</subfield>
   <subfield code="7">ns</subfield>
  </datafield>
  <datafield tag="935" ind1=" " ind2=" ">
   <subfield code="a">mteo</subfield>
  </datafield>
  <datafield tag="936" ind1="r" ind2="v">
   <subfield code="a">NM 1400</subfield>
   <subfield code="b">Kirchengeschichte, Geistes- und Kulturgeschichte</subfield>
   <subfield code="k">Geschichte</subfield>
   <subfield code="k">Geschichte des Mittelalters</subfield>
   <subfield code="k">Quellen und Darstellungen zum Gesamtzeitraum</subfield>
   <subfield code="k">Darstellungen</subfield>
   <subfield code="k">Kirchengeschichte, Geistes- und Kulturgeschichte</subfield>
   <subfield code="0">(DE-627)1270944614</subfield>
   <subfield code="0">(DE-625)rvk/126291:</subfield>
   <subfield code="0">(DE-576)200944614</subfield>
  </datafield>
  <datafield tag="936" ind1="r" ind2="v">
   <subfield code="a">NM 7260</subfield>
   <subfield code="b">Kirchengeschichte, Geistes- und Kulturgeschichte</subfield>
   <subfield code="k">Geschichte</subfield>
   <subfield code="k">Geschichte des Mittelalters</subfield>
   <subfield code="k">Abendländische Geschichte im Mittelalter nach Zeitabschnitten</subfield>
   <subfield code="k">Spätmittelalter (1250 - 1519)</subfield>
   <subfield code="k">Kirchengeschichte, Geistes- und Kulturgeschichte</subfield>
   <subfield code="0">(DE-627)1271462583</subfield>
   <subfield code="0">(DE-625)rvk/126406:</subfield>
   <subfield code="0">(DE-576)201462583</subfield>
  </datafield>
  <datafield tag="936" ind1="r" ind2="v">
   <subfield code="a">BD 1420</subfield>
   <subfield code="b">Quellen</subfield>
   <subfield code="k">Theologie und Religionswissenschaften</subfield>
   <subfield code="k">Judaistik</subfield>
   <subfield code="k">Allgemeines</subfield>
   <subfield code="k">Judentum und Umwelt</subfield>
   <subfield code="k">Judentum und Christentum</subfield>
   <subfield code="k">Bis ca. 1800 n. Chr.</subfield>
   <subfield code="k">Quellen</subfield>
   <subfield code="0">(DE-627)1270714333</subfield>
   <subfield code="0">(DE-625)rvk/9837:</subfield>
   <subfield code="0">(DE-576)200714333</subfield>
  </datafield>
  <datafield tag="936" ind1="r" ind2="v">
   <subfield code="a">NM 7230</subfield>
   <subfield code="b">Quellen</subfield>
   <subfield code="k">Geschichte</subfield>
   <subfield code="k">Geschichte des Mittelalters</subfield>
   <subfield code="k">Abendländische Geschichte im Mittelalter nach Zeitabschnitten</subfield>
   <subfield code="k">Spätmittelalter (1250 - 1519)</subfield>
   <subfield code="k">Quellen</subfield>
   <subfield code="0">(DE-627)1271462540</subfield>
   <subfield code="0">(DE-625)rvk/126403:</subfield>
   <subfield code="0">(DE-576)201462540</subfield>
  </datafield>
  <datafield tag="936" ind1="r" ind2="v">
   <subfield code="a">BM 4900</subfield>
   <subfield code="b">Sonstige</subfield>
   <subfield code="k">Theologie und Religionswissenschaften</subfield>
   <subfield code="k">Theologie des geistlichen Lebens</subfield>
   <subfield code="k">Quellen zur Theologie des geistlichen Lebens</subfield>
   <subfield code="k">Hochmittelalter (13. Jahrhundert)</subfield>
   <subfield code="k">Einzelne Autoren</subfield>
   <subfield code="k">Sonstige</subfield>
   <subfield code="0">(DE-627)1270732080</subfield>
   <subfield code="0">(DE-625)rvk/12666:</subfield>
   <subfield code="0">(DE-576)200732080</subfield>
  </datafield>
  <datafield tag="936" ind1="b" ind2="k">
   <subfield code="a">15.33</subfield>
   <subfield code="j">Hoch- und Spätmittelalter</subfield>
   <subfield code="q">coli-conc RVK-&gt;BK</subfield>
   <subfield code="q">https://coli-conc.gbv.de/api/mappings/60459f8e-5cf3-495f-b29b-ffec5c726ba7</subfield>
   <subfield code="0">(DE-627)181571560</subfield>
  </datafield>
  <datafield tag="951" ind1=" " ind2=" ">
   <subfield code="a">BO</subfield>
  </datafield>
  <datafield tag="991" ind1=" " ind2=" ">
   <subfield code="a">Rezensiertes Werk</subfield>
  </datafield>
  <datafield tag="999" ind1=" " ind2=" ">
   <subfield code="a">KXP-PPN1609192214</subfield>
   <subfield code="e">4485778053</subfield>
  </datafield>
 </record>
</collection>
